zpět

Detail výsledku týmu

R.A.M., Jablonec nad Nisou

Datum a čas kvízu

34.5 Celkem bodů Celkový počet nahraných bodů na tomto kvízu bez doplňovacích otázek.
8. Pořadí na kvízu Konečné umístění týmu na tomto kvízu.

Zaznamenané odpovědi

# Otázka Odpověď Body Výsledky
1. Minulý týden navštívila Českou... Evropský parlament 1
2. Pokutami v celkové výši přes 3... Donald Trump 1
3. Minulý týden zemřel kreslíř Pa... Respekt 0
4. Tradiční český výrobce klavírů... Petrof 1
5. Pražská Sparta si z úvodního z... 3:2 0
6. Obec s nejdelším názvem v Česk... A 1
7. Česká republika se dělí na 14... Karlovy Vary, Jihlava 1
8. Nejníže položené sídlo v České... Hřensko 1
9. V této otázce bude potřeba k z... 1D 2C 3A 4B 0
10. V České republice jsou čtyři ú... Krkonošský NP 1